| 000 | 00361nam a2200121Ia 4500 | ||
|---|---|---|---|
| 008 | 220615s9999||||xx |||||||||||||| ||und|| | ||
| 245 | 0 | _aVibration Control | |
| 546 | _aEnglish[eng] | ||
| 650 | _aAutomatic control engineering | ||
| 700 | _aLallart, Mickael | ||
| 856 | _uhttps://mts.intechopen.com/storage/books/3664/authors_book/authors_book.pdf | ||
| 942 | _cEB | ||
| 999 |
_c18350 _d18350 |
||